[Event "FRA-ch 50+"]
[Site "L'Alpe d'Huez"]
[Date "2023.08.20"]
[Round "2"]
[White "Keller, Christophe"]
[Black "Laborde, Stephane"]
[Result "1/2-1/2"]
[WhiteElo "1912"]
[BlackElo "2125"]
[PlyCount "107"]
[EventDate "2023.08.19"]
[EventType "swiss"]
[EventRounds "9"]
[EventCountry "FRA"]
[SourceTitle "EXT 2024"]
[Source "ChessBase"]
[SourceDate "2023.10.10"]
[SourceVersion "1"]
[SourceVersionDate "2023.10.10"]
[SourceQuality "1"]

1. e4 d5 2. exd5 Qxd5 3. Nc3 Qd6 4. d4 Nf6 5. Nf3 a6 6. g3 Bg4 7. Bg2 Nc6 8. h3 Bxf3 9. Bxf3 0-0-0 10. d5 Nb4 11. Bf4 Qd7 12. Qd2 e5 13. Bg5 Qf5 14. Bg4 Nxg4 15. hxg4 Qf3 16. 0-0 f6 17. Be3 h5 18. g5 Nxd5 19. Rad1 Bb4 20. Qe2 Qxe2 21. Nxe2 Nxe3 22. fxe3 Rxd1 23. Rxd1 Rd8 24. Rxd8+ Kxd8 25. gxf6 gxf6 26. e4 Kd7 27. Kg2 Ke6 28. Kh3 f5 29. Kh4 fxe4 30. Kxh5 Bd2 31. Kg6 b5 32. g4 c5 33. g5 c4 34. Ng3 e3 35. Ne2 Ba5 36. Kh7 Bd8 37. g6 Bf6 38. g7 Bxg7 39. Kxg7 Kf5 40. b3 Ke4 41. bxc4 bxc4 42. Ng1 Kd4 43. Ne2+ Ke4 44. Ng1 e2 45. Nxe2 Ke3 46. Ng3 Kd2 47. Kf6 Kxc2 48. Kxe5 Kb2 49. Ne2 Kxa2 50. Kd4 Kb3 51. Nc1+ Kb2 52. Kxc4 a5 53. Kb5 Kxc1 54. Kxa5 1/2-1/2

[Event "FRA-ch op-A"]
[Site "Nimes"]
[Date "2009.08.19"]
[Round "8"]
[White "Laborde, Stephane"]
[Black "Le Ruyet, Leopold"]
[Result "0-1"]
[WhiteElo "2087"]
[BlackElo "2058"]
[PlyCount "72"]
[EventDate "2009.08.11"]
[EventType "swiss"]
[EventRounds "11"]
[EventCountry "FRA"]
[SourceTitle "CBM 132 Extra"]
[Source "ChessBase"]
[SourceDate "2009.11.03"]
[SourceVersion "1"]
[SourceVersionDate "2009.11.03"]
[SourceQuality "1"]

1. e4 c5 2. c3 d5 3. exd5 Qxd5 4. d4 Nf6 5. Nf3 Bg4 6. dxc5 Qxc5 7. Be3 Qc7 8. Na3 a6 9. Nc4 Nbd7 10. h3 Bh5 11. Qd4 Bxf3 12. gxf3 e5 13. Qd3 b5 14. Nd2 Nc5 15. Qc2 Be7 16. Rg1 Ne6 17. a4 b4 18. Bc4 0-0 19. a5 Nf4 20. Bb6 Qb7 21. Qf5 bxc3 22. bxc3 Nd7 23. Be3 Bc5 24. Bxc5 Nxc5 25. Rb1 Qc7 26. Rb6 Nce6 27. Ne4 Kh8 28. Bb3 Rab8 29. Bc2 Qc4 30. Kd2 Rbd8+ 31. Nd6 g6 32. Qxe5+ f6 33. Qe4 Qc5 34. Rgb1 Rxd6+ 35. Rxd6 Qxd6+ 36. Ke1 Ng5 0-1

[Event "FRA-chT2A 0506"]
[Site "France"]
[Date "2006.01.15"]
[Round "6.6"]
[White "Laborde, Stephane"]
[Black "Nguyen, Huu Hoang Anh"]
[Result "1-0"]
[WhiteElo "2071"]
[BlackElo "2070"]
[PlyCount "61"]
[EventDate "2005.10.27"]
[EventType "team-tourn"]
[EventRounds "11"]
[EventCountry "FRA"]
[SourceTitle "EXT 2006"]
[Source "ChessBase"]
[SourceDate "2005.11.24"]
[SourceVersion "1"]
[SourceVersionDate "2005.11.24"]
[SourceQuality "1"]
[WhiteTeam "Bordeaux ASPOM"]
[BlackTeam "Evry III"]
[WhiteTeamCountry "FRA"]
[BlackTeamCountry "FRA"]

1. e4 c6 2. d4 Qc7 3. c4 d6 4. f4 Nd7 5. Nf3 e5 6. fxe5 dxe5 7. d5 Ngf6 8. Nc3 Bb4 9. Bd3 0-0 10. 0-0 Bxc3 11. bxc3 cxd5 12. cxd5 Qxc3 13. Rb1 Nc5 14. Bc2 Ncxe4 15. Re1 Qc5+ 16. Be3 Qd6 17. Rb3 Rd8 18. Qb1 Nc5 19. Rc3 Ncd7 20. Rd1 h6 21. Nh4 Ng4 22. Nf5 Qf6 23. d6 Nxe3 24. Rxe3 Nc5 25. Ne7+ Kf8 26. Rf3 Qg5 27. Rd5 Nd7 28. h4 Qg4 29. Bf5 Qc4 30. Bxd7 e4 31. Rxf7+ 1-0

[Event "FRA-ch op-A"]
[Site "Paris"]
[Date "1994.??.??"]
[Round "5"]
[White "Laborde, Stephane"]
[Black "Tzarev, K."]
[Result "1-0"]
[WhiteElo "1980"]
[BlackElo "1830"]
[PlyCount "81"]
[EventDate "1994.??.??"]
[EventType "swiss"]
[EventRounds "9"]
[EventCountry "FRA"]
[SourceTitle "EXT 1998"]
[Source "ChessBase"]
[SourceDate "1997.11.17"]
[SourceVersion "1"]
[SourceVersionDate "1997.11.17"]
[SourceQuality "1"]

1. c4 e5 2. d3 Nc6 3. g3 Bc5 4. Bg2 Nge7 5. e3 d5 6. cxd5 Nxd5 7. a3 a5 8. Ne2 0-0 9. 0-0 Be6 10. e4 Nf6 11. Be3 Nd4 12. Bxd4 Bxd4 13. Nbc3 Qd7 14. Qa4 c6 15. Nxd4 exd4 16. Ne2 Rfd8 17. Nf4 b5 18. Qc2 a4 19. Nxe6 fxe6 20. Rac1 Rac8 21. b4 axb3 22. Qxb3 c5 23. Bh3 Kf7 24. f4 Ke7 25. e5 Nd5 26. f5 Ne3 27. fxe6 Qc6 28. Rf7+ Ke8 29. e7 c4 30. exd8Q+ Rxd8 31. Rf2 Rb8 32. Qb4 Kd8 33. Rf8+ Kc7 34. Qe7+ Kb6 35. Rxb8+ Ka6 36. Qd6 Qxd6 37. exd6 cxd3 38. Ra8+ Kb7 39. Rc7+ Kb6 40. Rb8+ Ka6 41. Bc8+ 1-0